[Event "AUTO-ADV-59"]
[Site "http://www.queenalice.com/game.php?id=21222"]
[Date "2005.7.24"]
[Round "1"]
[White "Gandwynn"]
[Black "lostone"]
[Result "0-1"]
[WhiteElo "1639"]
[BlackElo "1532"]

1. e4 e5 2. Nf3 Nc6 3. Bc4 d6 4. c3 a6 5. b4 Bg4 6. d3 Nf6 7. h3 Bxf3 8. Qxf3 b5
9. Bb3 Qe7 10. Bg5 a5 11. Bxf6 Qxf6 12. Qxf6 gxf6 13. O-O h5 14. Bd5 Kd7 15.
Bxf7 axb4 16. Bd5 bxc3 17. Nxc3 b4 18. Nd1 Ra3 19. Bxc6+ Kxc6 20. Nb2 Rc3 21.
Rac1 Bh6 22. Ra1 d5 23. exd5+ Kxd5 0-1

[Event "AUTO-ADV-59"]
[Site "http://www.queenalice.com/game.php?id=21223"]
[Date "2005.7.24"]
[Round "1"]
[White "lostone"]
[Black "Gandwynn"]
[Result "1-0"]
[WhiteElo "1552"]
[BlackElo "1619"]

1. e4 e5 2. Nf3 Nc6 3. b3 Nf6 4. d3 d5 5. Nc3 dxe4 6. Ng5 exd3 7. Bxd3 h6 8.
Nge4 Nxe4 9. Nxe4 Bc5 10. Nxc5 b6 11. Bb5 Qxd1+ 12. Kxd1 Bd7 13. Nxd7 Kxd7 14.
Bxc6+ Kxc6 15. Re1 Rad8+ 16. Bd2 Rd6 17. Rxe5 Rhd8 18. Re2 g5 19. g4 a5 20. a4
Rd4 21. f3 Rf4 22. Rf2 Rfd4 23. Ke1 1-0

[Event "AUTO-INT-23"]
[Site "http://www.queenalice.com/game.php?id=40039"]
[Date "2005.11.27"]
[Round "2"]
[White "lostone"]
[Black "Aguirre"]
[Result "1-0"]
[WhiteElo "1646"]
[BlackElo "1622"]

1. e4 e5 2. Nf3 Nc6 3. d4 Bb4+ 4. c3 Bd6 5. Bb5 exd4 6. Nxd4 Nxd4 7. Qxd4 Qf6 8.
O-O Qxd4 9. cxd4 a6 10. e5 Bb4 11. Bd3 Ne7 12. a3 Ba5 13. b4 Bb6 14. Be3 Nd5 15.
Nd2 Nxe3 16. fxe3 O-O 17. Nf3 h6 18. h4 a5 19. g4 d6 20. g5 axb4 21. axb4 Rxa1
22. Rxa1 Bg4 23. Nh2 Be6 24. Nf3 Bg4 25. Nh2 h5 26. Kf2 dxe5 27. dxe5 Rd8 28.
Be4 c6 29. Kg3 Bxe3 30. Nxg4 hxg4 31. Kxg4 g6 32. e6 Rd4 33. Ra8+ Kg7 34. Kf3
Bf2 35. e7 Bxh4 36. e8=Q Bxg5 37. Qh8# 1-0

[Event "AUTO-INT-23"]
[Site "http://www.queenalice.com/game.php?id=40040"]
[Date "2005.11.27"]
[Round "2"]
[White "Aguirre"]
[Black "lostone"]
[Result "1-0"]
[WhiteElo "1600"]
[BlackElo "1653"]

1. e4 e5 2. Nf3 Nc6 3. Bb5 Nge7 4. d4 a6 5. Bxc6 Nxc6 6. dxe5 f6 7. exf6 Qxf6 8.
O-O d6 9. Nc3 Be6 10. Re1 O-O-O 11. Bg5 Qg6 12. Bxd8 Bh3 13. Nh4 Qh6 14. gxh3
Kxd8 15. Qg4 Ne5 16. Qg3 Be7 17. Nf5 Qf6 18. Nd5 1-0

[Event "AUTO-INT-27"]
[Site "http://www.queenalice.com/game.php?id=45217"]
[Date "2005.12.25"]
[Round "2"]
[White "andi_g"]
[Black "lostone"]
[Result "0-1"]
[WhiteElo "1646"]
[BlackElo "1705"]

1. g4 e5 2. Bg2 d5 3. Nc3 d4 4. Ne4 Bxg4 5. c3 Nc6 6. Qb3 b6 7. Ng5 Qxg5 8.
Bxc6+ Kd8 9. Bxa8 Be6 10. Qb5 Ne7 11. cxd4 g6 12. dxe5 Nf5 13. e3 Nh6 14. f4
Qh4+ 15. Kd1 Ng4 16. Ke2 Bf5 17. Qd5+ Ke7 18. Nf3 Qf2+ 19. Kd1 Nxe3+ 20. dxe3
Bc2# 0-1

[Event "AUTO-INT-27"]
[Site "http://www.queenalice.com/game.php?id=45218"]
[Date "2005.12.25"]
[Round "2"]
[White "lostone"]
[Black "andi_g"]
[Result "0-1"]
[WhiteElo "1704"]
[BlackElo "1686"]

1. e4 d5 2. e5 Nc6 3. d4 e6 4. Nf3 f6 5. Bb5 a6 6. Bxc6+ bxc6 7. Nc3 Bb4 8. Bd2
c5 9. O-O h5 10. Nh4 f5 11. Ng6 Rh7 12. a3 Bxc3 13. Bxc3 Ne7 14. Nxe7 Qxe7 15.
Qf3 cxd4 16. Bxd4 c5 17. Bc3 Bb7 18. Ba5 d4 19. Qe2 Qg5 20. f4 Qg6 21. Qc4 Qxg2#
0-1

[Event "AUTO-INT-23"]
[Site "http://www.queenalice.com/game.php?id=48896"]
[Date "2006.1.21"]
[Round "3"]
[White "lostone"]
[Black "Aguirre"]
[Result "1-0"]
[WhiteElo "1690"]
[BlackElo "1664"]

1. e4 c5 2. Bc4 e6 3. Nc3 Nc6 4. Nf3 Nge7 5. O-O d6 6. d4 b6 7. d5 exd5 8. exd5
Ne5 9. Nxe5 dxe5 10. d6 Nc6 11. Qf3 Qd7 12. Bxf7+ Kd8 13. Bg5+ 1-0

[Event "AUTO-INT-23"]
[Site "http://www.queenalice.com/game.php?id=48897"]
[Date "2006.1.21"]
[Round "3"]
[White "Aguirre"]
[Black "lostone"]
[Result "1-0"]
[WhiteElo "1666"]
[BlackElo "1694"]

1. e4 e5 2. f4 exf4 3. Nf3 d5 4. e5 Bg4 5. Be2 Qe7 6. d4 f6 7. Nc3 c6 8. O-O
Bxf3 9. Bxf3 Nd7 10. e6 Nb6 11. Bxf4 O-O-O 12. Re1 g5 13. Bg3 Nh6 14. Qd3 f5 15.
Be5 Rg8 16. Bh5 Nc4 17. b3 Nxe5 18. Rxe5 Rd6 19. Rae1 Bg7 20. R5e2 Rf8 21. Na4
Rf6 22. Nc5 b6 23. Qa6+ Kc7 24. Qxa7+ Kd8 25. Nb7+ Kc7 26. Nxd6+ Kxd6 27. Qxb6
f4 28. Qc5+ 1-0

[Event "AUTO-ADV-59"]
[Site "http://www.queenalice.com/game.php?id=51151"]
[Date "2006.2.5"]
[Round "2"]
[White "lostone"]
[Black "Boeing"]
[Result "0-1"]
[WhiteElo "1680"]
[BlackElo "1949"]

1. e4 e5 2. Nf3 d6 3. d4 exd4 4. Qxd4 Nc6 5. Bb5 Bd7 6. Bxc6 Bxc6 7. O-O h6 8.
Re1 Qd7 9. Nc3 b6 10. e5 O-O-O 11. b4 Bxf3 12. gxf3 c5 13. bxc5 dxc5 14. Qc4 Ne7
15. Qxf7 Qb7 16. Qe6+ Kb8 17. Ne4 Nd5 18. Nd6 Bxd6 19. exd6 b5 20. Be3 Rhe8 0-1

[Event "AUTO-ADV-59"]
[Site "http://www.queenalice.com/game.php?id=51152"]
[Date "2006.2.5"]
[Round "2"]
[White "Boeing"]
[Black "lostone"]
[Result "1-0"]
[WhiteElo "1959"]
[BlackElo "1675"]

1. e4 e5 2. Nf3 Nc6 3. Bb5 Nge7 4. O-O g6 5. Bxc6 Nxc6 6. d4 d6 7. h3 Bg7 8. Bg5
f6 9. Bh4 g5 10. Bg3 g4 11. hxg4 Bxg4 12. d5 Nd4 13. c3 Nxf3+ 14. gxf3 Bh3 15.
Qa4+ Bd7 16. Qb3 b6 17. Nd2 c5 18. dxc6 Bxc6 19. Rfd1 a5 20. Nc4 1-0

[Event "AUTO-ADV-59"]
[Site "http://www.queenalice.com/game.php?id=51154"]
[Date "2006.2.5"]
[Round "2"]
[White "refutor"]
[Black "lostone"]
[Result "0-1"]
[WhiteElo "1450"]
[BlackElo "1677"]

1. e4 e5 2. Nf3 Nc6 3. Bb5 a6 4. Bxc6 dxc6 5. O-O Bg4 6. h3 Bxf3 7. Qxf3 Nf6 8.
c3 c5 9. d3 b5 10. Bg5 h6 11. Bxf6 gxf6 12. Nd2 Rg8 0-1

[Event "AUTO-ADV-59"]
[Site "http://www.queenalice.com/game.php?id=51155"]
[Date "2006.2.5"]
[Round "2"]
[White "lostone"]
[Black "alexsoncini"]
[Result "0-1"]
[WhiteElo "1684"]
[BlackElo "2041"]

1. e4 e5 2. Nf3 Nc6 3. d4 d6 4. d5 Nb8 5. Bb5+ Bd7 6. Nc3 c6 7. Bc4 b5 8. Bb3 b4
9. Na4 Nf6 10. Qe2 c5 11. c3 Qa5 12. Qd1 Nxe4 13. O-O bxc3 14. Re1 Nf6 15. bxc3
Be7 16. h3 O-O 17. Bd2 c4 18. Bc2 Bxa4 19. Bxa4 Nxd5 20. Rc1 Na6 21. Bc6 Rab8
22. Ng5 Bxg5 23. Bxg5 Nac7 24. Qd2 f6 25. Be3 Nxe3 26. Rxe3 d5 27. Rg3 Qc5 0-1

[Event "AUTO-ADV-59"]
[Site "http://www.queenalice.com/game.php?id=51156"]
[Date "2006.2.5"]
[Round "2"]
[White "alexsoncini"]
[Black "lostone"]
[Result "1-0"]
[WhiteElo "2062"]
[BlackElo "1682"]

1. f4 Nc6 2. Nf3 d6 3. e3 Nf6 4. Be2 e5 5. O-O h6 6. b3 e4 7. Nd4 Nxd4 8. exd4
g5 9. fxg5 hxg5 10. d3 exd3 11. Qxd3 Nd5 12. c4 Nf4 13. Bxf4 gxf4 14. Rxf4 Bh6
15. Qe4+ Be6 16. Rf2 Bg7 17. Nd2 Rh4 18. g4 d5 19. cxd5 Qxd5 20. Qxd5 Bxd5 21.
Rf4 Bh6 22. Raf1 Bxf4 23. Rxf4 Ke7 24. Bf3 c6 25. Bxd5 cxd5 26. Nf3 Rh7 27. Rf5
Rd8 28. h4 Rg7 29. g5 Rg6 30. Kg2 f6 31. Kg3 Ke6 32. Kg4 Rdg8 33. Kf4 b5 34. h5
fxg5+ 35. Nxg5+ 1-0